<?xml version="1.0" encoding="UTF-8"?>
<record
    xmlns:xsi="http://www.w3.org/2001/XMLSchema-instance"
    xsi:schemaLocation="http://www.loc.gov/MARC21/slim http://www.loc.gov/standards/marcxml/schema/MARC21slim.xsd"
    xmlns="http://www.loc.gov/MARC21/slim">

  <leader>01632    a2200241   4500</leader>
  <controlfield tag="001">45561</controlfield>
  <controlfield tag="005">20260407155728.0</controlfield>
  <controlfield tag="008">260407a1992    arg                 spa d</controlfield>
  <controlfield tag="003">AR-UNSa-BCEJYS</controlfield>
  <datafield tag="040" ind1=" " ind2=" ">
    <subfield code="a">AR-UNSa-BCEJYS</subfield>
    <subfield code="b">spa</subfield>
    <subfield code="c">AR-UNSa-BCEJYS</subfield>
  </datafield>
  <datafield tag="080" ind1=" " ind2=" ">
    <subfield code="a">316.3</subfield>
    <subfield code="x">Estructura social. La sociedad como sistema social </subfield>
  </datafield>
  <datafield tag="245" ind1="1" ind2="0">
    <subfield code="a">Despu&#xE9;s de Germani</subfield>
    <subfield code="p">Exploraciones sobre estructura social de la Argentina</subfield>
  </datafield>
  <datafield tag="020" ind1=" " ind2=" ">
    <subfield code="a">950-12-5409-7</subfield>
  </datafield>
  <datafield tag="264" ind1=" " ind2="1">
    <subfield code="a">Buenos Aires :</subfield>
    <subfield code="b">Paid&#xF3;s</subfield>
    <subfield code="c">1992</subfield>
  </datafield>
  <datafield tag="300" ind1=" " ind2=" ">
    <subfield code="a">278 p.</subfield>
    <subfield code="c">23 cm.</subfield>
  </datafield>
  <datafield tag="505" ind1=" " ind2=" ">
    <subfield code="a">Primera Parte : REPENSANDO LA OBRA DE GERMANI : 1. Modernizaci&#xF3;n, antimodernizaci&#xF3;n y estructura social : Reconsiderando a Gino Germani en el contexto actual / Irving Louis Horowitz &#x2013; 2. La sociolog&#xED;a de Gino Germani / Antonio Vitiello &#x2013; 3. De historia y de sociolog&#xED;a : la met&#xE1;fora de la tortilla / Waldo Ansaldi - - Segunda Parte : PARTICIPACI&#xD2;N Y MOVILIZACI&#xD2;N POL&#xCC;TICA : 1. El peronismo, 1973 ( in&#xE9;dito) / Giono Germani &#x2013; 2. El impacto inmigratorio sobre el sistema pol&#xED;tico Argentino / Torcuato S. Di Tella &#x2013; 3. Sindicalizaci&#xF3;n, participaci&#xF3;n y estructura ocupacional / Marta Panaia - - Tercera  Parte : ESTRUCTURA ECON&#xD2;MICO-SOCIAL : 1. Estructura econ&#xF3;mico-social del sector agropecuario &#x2013; 2. Estructura socioespacial urbana y procesos migratorios &#x2013; 3. Estructura de clases, estructura y movilidad ocupacional.       </subfield>
  </datafield>
  <datafield tag="041" ind1=" " ind2=" ">
    <subfield code="a">spa</subfield>
  </datafield>
  <datafield tag="942" ind1=" " ind2=" ">
    <subfield code="c">BK</subfield>
  </datafield>
  <datafield tag="590" ind1=" " ind2=" ">
    <subfield code="a">niveau_biblio:m niveau_hierar:0</subfield>
  </datafield>
  <datafield tag="100" ind1="1" ind2=" ">
    <subfield code="a">Sautu, Ruth</subfield>
  </datafield>
  <datafield tag="700" ind1="1" ind2=" ">
    <subfield code="a">Jorrat, Jorge Ra&#xFA;l</subfield>
  </datafield>
  <datafield tag="856" ind1="4" ind2="1">
    <subfield code="u">https://www.biblioeco.unsa.edu.ar/pmb/images/libros/L127144.jpg</subfield>
    <subfield code="y">Imagen de portada</subfield>
    <subfield code="q">image/jpeg</subfield>
  </datafield>
  <datafield tag="999" ind1=" " ind2=" ">
    <subfield code="c">3972</subfield>
    <subfield code="d">3972</subfield>
  </datafield>
  <datafield tag="952" ind1=" " ind2=" ">
    <subfield code="0">0</subfield>
    <subfield code="1">0</subfield>
    <subfield code="4">0</subfield>
    <subfield code="7">0</subfield>
    <subfield code="a">BCEJYS</subfield>
    <subfield code="b">BCEJYS</subfield>
    <subfield code="c">16</subfield>
    <subfield code="d">2026-04-07</subfield>
    <subfield code="l">0</subfield>
    <subfield code="o">316.3 J82</subfield>
    <subfield code="p">L127144</subfield>
    <subfield code="r">2026-04-07 15:57:28</subfield>
    <subfield code="w">2026-04-07</subfield>
    <subfield code="y">L</subfield>
  </datafield>
</record>
